000 00617nam a2200205Ia 4500
005 20250923144946.0
008 008 250917s9999 xx 000 0 eng d
037 _aTextual
040 _aDSWL
_beng
_cDSWL
041 _aeng
_2eng
084 _aY112:45.252.N6, K3.1
_qDSWL
100 _aSrivastava, Shanker Sahai
_9830271
245 0 _aJuvenile Vagrancy
_cby Shanker Sahai Srivastava
260 _aNew Delhi
_b Asia Publiing House
_c1963
300 _aXVI,254 p.
365 _aINR
_b17.00
925 _g17.00
942 _cTEXL
_hY112:45.252.N6, K3.1
999 _c1445396
_d1445396